[Event "December 1800+"]
[Site "SchemingMind.com"]
[Date "2015.12.15"]
[Round "-"]
[White "Stephen Woodhouse"]
[Black "flyinduck"]
[Result "0-1"]
[WhiteCountry "ENG"]
[BlackCountry "CAN"]
[WhiteElo "1872"]
[WhiteRD "49"]
[BlackElo "2016"]
[BlackRD "66"]
[GameID "391980"]

1. e4 e5 2. Nf3 Nf6 3. d4 Nxe4 4. Nxe5 d5 5. Bd3 Nd7 6. Nxd7 Bxd7 7. O-O Bd6 8. Qh5 O-O 9. Qxd5 Bc6 10. Qf5 g6
11. Qg4 h5 12. Qe2 Re8 13. Qd1 Qh4 14. h3 Nxf2 15. Rxf2 Qg3
0-1

[Event "December 1800+"]
[Site "SchemingMind.com"]
[Date "2015.12.15"]
[Round "-"]
[White "flyinduck"]
[Black "Stephen Woodhouse"]
[Result "1-0"]
[WhiteCountry "CAN"]
[BlackCountry "ENG"]
[WhiteElo "2016"]
[WhiteRD "66"]
[BlackElo "1872"]
[BlackRD "49"]
[GameID "391981"]

1. d4 e6 2. c4 d5 3. Nc3 c5 4. cxd5 exd5 5. Nf3 Nc6 6. g3 Nf6 7. Bg2 Be7 8. O-O O-O 9. Bg5 c4 10. Ne5 Be6
11. Nxc6 bxc6 12. b3 Qa5 13. Na4 Rfd8 14. e3 Rac8 15. Bxf6 Bxf6 16. Nc5 Be7 17. Nb7 Qb4 18. Nxd8 Bxd8 19. bxc4 dxc4 20. Qc2 Bd5
21. Rab1 Qa5 22. e4 Be6 23. Rfd1 Bb6 24. h3 Rd8 25. d5 cxd5 26. exd5 Bd7 27. Qxc4
1-0

[Event "December 1800+"]
[Site "SchemingMind.com"]
[Date "2015.12.19"]
[Round "-"]
[White "Stephen Woodhouse"]
[Black "DHall"]
[Result "0-1"]
[WhiteCountry "ENG"]
[BlackCountry "ENG"]
[WhiteElo "1872"]
[WhiteRD "49"]
[BlackElo "2144"]
[BlackRD "77"]
[GameID "392160"]

1. e4 d5 2. exd5 Qxd5 3. Nf3 Nf6 4. d4 Bf5 5. c4 Qd8 6. Nc3 e6 7. Bd3 Bb4 8. Bxf5 exf5 9. Qe2+ Ne4 10. Bd2 Bxc3
11. Bxc3 O-O 12. O-O Re8 13. Qd3 Nd7 14. Rad1 c6 15. b4 Qc7 16. Rfe1 Ndf6 17. h3 g6 18. Ne5 Rad8 19. f3 Nxc3 20. Qxc3 Nh5
21. Nd3 Qd6 22. Rxe8+ Rxe8 23. Re1 Rxe1+ 24. Nxe1 Nf4 25. Kf2 Ne6 26. Nc2 f4 27. Qd3 Ng7 28. Qe4= Nf5 29. a3 Ng3 30. Qe8+ Kg7
31. Qe5+ Qxe5 32. dxe5 Nf5 33. Ke2 Kf8 34. Kd3 Ke7 35. Nd4 Nh4 36. Ke4 Nxg2 37. Ne2 Ne3 38. Kxf4 Nxc4 39. a4 Nb2 40. Kg5 Nxa4
41. Kh6 a6 42. Nd4 c5 43. bxc5 Nxc5 44. Kxh7 Nd3 45. e6 fxe6 46. Kxg6 Nf4+
0-1

[Event "December 1800+"]
[Site "SchemingMind.com"]
[Date "2015.12.19"]
[Round "-"]
[White "DHall"]
[Black "Stephen Woodhouse"]
[Result "1-0"]
[WhiteCountry "ENG"]
[BlackCountry "ENG"]
[WhiteElo "2144"]
[WhiteRD "77"]
[BlackElo "1872"]
[BlackRD "49"]
[GameID "392161"]

1. d4 e6 2. e4 d5 3. Bd3 dxe4 4. Bxe4 Nf6 5. Bf3 c5 6. Ne2 Be7 7. O-O O-O 8. c3 Nbd7 9. Bf4 cxd4 10. cxd4 Nd5
11. Bxd5 exd5 12. Nbc3 Nf6 13. f3 Bf5 14. Be5 Rc8 15. Qb3 Be6 16. Qxb7 Bd6 17. Qxa7 Bxe5 18. dxe5 Nd7 19. f4 g6 20. Rad1 Qb6+
21. Qxb6 Nxb6 22. b3 Rfd8 23. Rd2 d4 24. Rfd1 Bg4 25. h3 Bf5 26. Rxd4
1-0

[Event "December 1800+"]
[Site "SchemingMind.com"]
[Date "2015.12.19"]
[Round "-"]
[White "DHall"]
[Black "flyinduck"]
[Result "1-0"]
[WhiteCountry "ENG"]
[BlackCountry "CAN"]
[WhiteElo "2186"]
[WhiteRD "69"]
[BlackElo "2064"]
[BlackRD "54"]
[GameID "392162"]

1. d4 Nf6 2. Bf4 d5 3. e3 c5 4. c3 Nc6 5. Nd2 Qb6 6. Qb3 c4 7. Qc2 Bg4 8. Be2 Bxe2 9. Nxe2 e6 10. O-O Be7
11. e4 O-O 12. exd5 exd5 13. Rfe1 Rfe8 14. Ng3 Bf8 15. h3 Ne7 16. Nf3 Ng6 17. Bg5 h6 18. Bxf6 Qxf6 19. Nh5 Qd6 20. Qf5 Re6
21. Ne5 Nxe5 22. dxe5 Qc6 23. Nf4 Ree8 24. Rad1 Rad8 25. Re3 Bc5 26. Rg3 Qd7 27. Qf6 Bf8 28. Rxd5 Qe7 29. Rxg7+ Bxg7 30. Qxe7 Rxe7
31. Rxd8+ Kh7 32. Nd5 Rxe5 33. Kf1 b5 34. f4 Re6 35. Rd7 a5 36. Rxf7 Rd6 37. Nc7 Rd2 38. Ne8 Kg8 39. Rxg7+ Kf8 40. Rb7 b4
41. Nc7 Rxb2 42. cxb4 c3 43. Ne6+ Kg8 44. Rg7+ Kh8 45. Rc7 axb4 46. f5 c2 47. f6
1-0

[Event "December 1800+"]
[Site "SchemingMind.com"]
[Date "2015.12.19"]
[Round "-"]
[White "flyinduck"]
[Black "DHall"]
[Result "0-1"]
[WhiteCountry "CAN"]
[BlackCountry "ENG"]
[WhiteElo "2050"]
[WhiteRD "53"]
[BlackElo "2157"]
[BlackRD "77"]
[GameID "392163"]

1. d4 Nf6 2. c4 c5 3. d5 e6 4. Nc3 exd5 5. cxd5 d6 6. Nf3 g6 7. Bf4 a6 8. a4 Bg7 9. h3 O-O 10. e3 Ne8
11. Be2 Nd7 12. O-O Qc7 13. a5 b6 14. axb6 Nxb6 15. Rc1 Bf5 16. e4 Bxc3 17. bxc3 Bxe4 18. c4 Bxf3 19. Bxf3 Ng7 20. g4 a5
21. Qd3 a4 22. Ra1 f5 23. Bh6 Qe7 24. Bd2 Nd7 25. Rfe1 Qh4 26. Bc3 Qxh3 27. Re7 Rf7 28. Rxf7= Kxf7 29. gxf5 Nxf5 30. Qe4 a3
31. Re1 a2 32. Ba1 Ne5 33. Bxe5 dxe5 34. Qxe5 Qxf3
0-1

[Event "December 1800+"]
[Site "SchemingMind.com"]
[Date "2015.12.26"]
[Round "-"]
[White "Stephen Woodhouse"]
[Black "frankly"]
[Result "0-1"]
[WhiteCountry "ENG"]
[BlackCountry "ENG"]
[WhiteElo "1814"]
[WhiteRD "48"]
[BlackElo "2443"]
[BlackRD "54"]
[GameID "392245"]

1. e4 e5 2. Nf3 Nc6 3. d4 exd4 4. Nxd4 Nf6 5. Nc3 Bb4 6. Nxc6 bxc6 7. Bd3 d5 8. exd5 cxd5 9. O-O O-O 10. Bg5 c6
11. Qf3 Bd6 12. Rae1 Rb8 13. Nd1 h6 14. Bxf6 Qxf6 15. Qxf6 gxf6 16. b3 Kg7 17. Ne3 Re8 18. Nf5+ Bxf5 19. Bxf5 Re5 20. Bd7 Rb5
21. f4 Rxe1 22. Rxe1 Rc5 23. Re2 Bxf4 24. h3 d4 25. Kf2 f5 26. Ke1 Be3 27. Kd1 Kf6 28. Re1 f4 29. Bg4 d3 30. c4 Ra5
31. a4 Ra6 32. g3 Bf2
0-1

[Event "December 1800+"]
[Site "SchemingMind.com"]
[Date "2015.12.26"]
[Round "-"]
[White "frankly"]
[Black "Stephen Woodhouse"]
[Result "1-0"]
[WhiteCountry "ENG"]
[BlackCountry "ENG"]
[WhiteElo "2443"]
[WhiteRD "54"]
[BlackElo "1814"]
[BlackRD "48"]
[GameID "392246"]

1. d4 e6 2. c4 d5 3. Nc3 c5 4. cxd5 exd5 5. Nf3 Nc6 6. g3 Nf6 7. Bg2 Be7 8. O-O O-O 9. Bg5 c4 10. Ne5 Be6
11. Nxc6 bxc6 12. b3 h6 13. Bxf6 Bxf6 14. bxc4 dxc4 15. e3 Qa5 16. Rc1 Rac8 17. Qa4 Qxa4 18. Nxa4 Bd5 19. Rc2 Rfe8 20. Rd1 Rb8
21. Nb2 Rb4 22. a3 Rb3 23. Nxc4 Bxg2 24. Kxg2 Reb8 25. Na5 Rxa3 26. Nxc6 Ra8 27. d5 a5 28. d6 a4 29. d7 Rb3 30. Ne7+ Bxe7
31. Rc8+
1-0

[Event "December 1800+"]
[Site "SchemingMind.com"]
[Date "2015.12.26"]
[Round "-"]
[White "frankly"]
[Black "DHall"]
[Result "1-0"]
[WhiteCountry "ENG"]
[BlackCountry "ENG"]
[WhiteElo "2449"]
[WhiteRD "55"]
[BlackElo "2186"]
[BlackRD "69"]
[GameID "392247"]

1. d4 Nf6 2. c4 c5 3. d5 e6 4. Nc3 exd5 5. cxd5 d6 6. e4 g6 7. f4 Bg7 8. Bb5+ Nbd7 9. e5 dxe5 10. fxe5 Nh5
11. e6 Bxc3+ 12. bxc3 Qh4+ 13. g3 Nxg3 14. hxg3 Qxh1 15. Be3 Qe4 16. exd7+ Bxd7 17. Qd3 Qxd3 18. Bxd3 b6 19. Bg5 O-O 20. Bf6 Rfe8+
21. Kf2 b5 22. Nf3 Rab8 23. Ne5 Bc8 24. Be2 Rb6 25. Nc6 Bd7 26. Bf3 h5 27. g4 a5 28. Rd1 Kh7 29. gxh5 gxh5 30. Rh1 Bxc6
31. dxc6 Kg6 32. Bh4 Rc8 33. Rg1+ Kf5 34. Rg5+ Ke6 35. Rxc5 Kd6 36. Rd5+ Ke6 37. Rxh5
1-0

[Event "December 1800+"]
[Site "SchemingMind.com"]
[Date "2015.12.26"]
[Round "-"]
[White "DHall"]
[Black "frankly"]
[Result "1/2-1/2"]
[WhiteCountry "ENG"]
[BlackCountry "ENG"]
[WhiteElo "2186"]
[WhiteRD "69"]
[BlackElo "2449"]
[BlackRD "55"]
[GameID "392248"]

1. d4 Nf6 2. Bf4 e6 3. e3 c5 4. c3 Nc6 5. Nd2 d5 6. Ngf3 Bd6 7. Bg3 O-O 8. Rc1 Bxg3 9. hxg3 cxd4 10. exd4 Qd6
11. Bd3 e5 12. dxe5 Nxe5 13. Nxe5 Qxe5+ 14. Qe2 Qd6 15. O-O Re8 16. Qd1 Bg4 17. Nf3 g6 18. Qd2 Qb6 19. Nd4 Bd7 20. Rfe1 Ne4
21. Bxe4 dxe4 22. Re3 Re7 23. b3 Rae8 24. Rce1 h5 25. c4 Qf6 26. c5 Kg7 27. b4 a6 28. a3 Ba4 29. Ne2 Rd7 30. Qc3 Rd3
31. Qxf6+ Kxf6 32. Nc3 Rxe3 33. Rxe3 Bc6 34. Re1 Kf5 35. Rd1 Re7 36. Kf1 Ke5 37. Ke2 g5 38. Ke3 f5 39. f4+ exf3 40. gxf3 g4
41. f4+ Kf6+ 42. Kf2 h4 43. Rd6+ Kg7 44. Nd5 hxg3+ 45. Kxg3 Re1 46. Kh4 Re2 47. Kg3 Re1 48. Kh4 Rh1+ 49. Kg5 g3 50. Rg6+ Kf7
51. Rf6+ Ke8 52. Re6+ Kd8 53. Rd6+ Bd7 54. Ne3 Kc7 55. Rd2 Rh2 56. Rd1 Bc6 57. Kxf5 g2 58. Rg1 Rh3=
1/2-1/2

[Event "December 1800+"]
[Site "SchemingMind.com"]
[Date "2015.12.26"]
[Round "-"]
[White "frankly"]
[Black "flyinduck"]
[Result "1-0"]
[WhiteCountry "ENG"]
[BlackCountry "CAN"]
[WhiteElo "2443"]
[WhiteRD "54"]
[BlackElo "2050"]
[BlackRD "53"]
[GameID "392249"]

1. d4 Nf6 2. Nf3 e6 3. c4 c5 4. d5 exd5 5. cxd5 d6 6. Nc3 g6 7. Nd2 Bg7 8. e4 O-O 9. Be2 Re8 10. O-O a6
11. a4 Nbd7 12. h3 Rb8 13. a5 b5 14. axb6 Nxb6 15. Ra2 c4 16. Re1 Qc7 17. Bf1 Nfd7 18. Nf3 Nc5 19. Be3 f5 20. exf5 Bxf5
21. Nd4 Bd3 22. Ne6 Nxe6 23. dxe6 Bxf1 24. Kxf1 Rxe6 25. Rxa6 h6 26. Bxb6 Rxe1+ 27. Qxe1 Rxb6 28. Nd5
1-0

[Event "December 1800+"]
[Site "SchemingMind.com"]
[Date "2015.12.26"]
[Round "-"]
[White "flyinduck"]
[Black "frankly"]
[Result "0-1"]
[WhiteCountry "CAN"]
[BlackCountry "ENG"]
[WhiteElo "2050"]
[WhiteRD "53"]
[BlackElo "2443"]
[BlackRD "54"]
[GameID "392250"]

1. c4 e5 2. Nc3 Nc6 3. Nf3 Nf6 4. g3 Bb4 5. Nd5 e4 6. Nh4 O-O 7. Bg2 Re8 8. O-O Bc5 9. e3 Be7 10. Nf5 Bf8
11. f3 g6 12. Nh4 Bg7 13. fxe4 Nxe4 14. Qf3 Ng5 15. Qf2 Ne5 16. Nf6+ Qxf6 17. Qxf6 Bxf6 18. Rxf6 a5 19. b3 Nd3 20. Ba3 d6
21. Raf1 a4 22. b4 Rb8 23. Bd5 Be6 24. Ng2 Bxd5 25. cxd5 Ne4
0-1

[Event "December 1800+"]
[Site "SchemingMind.com"]
[Date "2016.01.07"]
[Round "-"]
[White "Kent"]
[Black "Stephen Woodhouse"]
[Result "1-0"]
[WhiteCountry "USA"]
[BlackCountry "ENG"]
[WhiteElo "2235"]
[WhiteRD "73"]
[BlackElo "1814"]
[BlackRD "48"]
[GameID "393411"]

1. d4 e6 2. c4 d5 3. cxd5 exd5 4. Nc3 Bb4 5. Bf4 Ne7 6. e3 O-O 7. Bd3 Bf5 8. Nf3 c6 9. O-O Nd7 10. Bxf5 Nxf5
11. Qb3 Bxc3 12. bxc3 Qb6 13. Qc2 g6 14. c4 dxc4 15. Qxc4 Rfd8 16. e4 Ng7 17. Ng5 Rf8 18. Bd6
1-0

[Event "December 1800+"]
[Site "SchemingMind.com"]
[Date "2016.01.07"]
[Round "-"]
[White "Stephen Woodhouse"]
[Black "Kent"]
[Result "0-1"]
[WhiteCountry "ENG"]
[BlackCountry "USA"]
[WhiteElo "1814"]
[WhiteRD "48"]
[BlackElo "2235"]
[BlackRD "73"]
[GameID "393412"]

1. e4 d5 2. exd5 Qxd5 3. Nc3 Qa5 4. Nf3 Nf6 5. d4 Bf5 6. Bd3 Bxd3 7. Qxd3 c6 8. O-O e6 9. Re1 Nbd7 10. Bd2 Be7
11. Ne4 Qc7 12. Nxf6+ Nxf6 13. Bg5 O-O 14. Rad1 Rad8 15. c3 c5 16. Qc4 Qb6 17. b3 Rc8 18. Bxf6 Bxf6 19. d5 exd5 20. Rxd5 Qa5
21. Ne5 Bxe5 22. Rexe5 Qxa2 23. g3 b6 24. Rd7 Rcd8 25. Ree7 Rxd7 26. Rxd7 a5 27. Kg2 Qc2 28. Rb7 Qg6 29. f3 Qc6 30. Qa6 Qf6
31. Qxb6 Qxc3 32. Rc7 g6 33. Rxc5 Qb2+ 34. Kh3 a4 35. Ra5 a3 36. Qa6 Re8 37. Rxa3 Re2 38. Ra4 Rxh2+ 39. Kg4 Qe5 40. Qa5 h5#
0-1

[Event "December 1800+"]
[Site "SchemingMind.com"]
[Date "2016.01.09"]
[Round "-"]
[White "Kent"]
[Black "frankly"]
[Result "1/2-1/2"]
[WhiteCountry "USA"]
[BlackCountry "ENG"]
[WhiteElo "2235"]
[WhiteRD "73"]
[BlackElo "2443"]
[BlackRD "54"]
[GameID "393413"]

1. d4 Nf6 2. Bg5 Ne4 3. Bf4 c5 4. f3 Qa5+ 5. c3 Nf6 6. Nd2 cxd4 7. Nb3 Qb6 8. Qxd4 Nc6 9. Qxb6 axb6 10. Nd4 e5
11. Nxc6 exf4 12. Nd4 d5 13. e3 fxe3 14. Ke2 Bc5 15. Kxe3 Bd7 16. Bd3 b5 17. Ne2 b4 18. cxb4 Bxb4 19. Rhc1 O-O 20. Bb5 Ba5
21. Kf2 Bb6 22. Kf1 Bxb5 23. Nxb5 Ra4 24. Nd6 g6 25. g3 Rb4 26. b3 Ba7 27. Nc8 Be3 28. Rc7 Rd8 29. Rd1 d4 30. Rd3 Kf8
31. Rc2 g5 32. h3 Rb5 33. Rc4 Rf5 34. Nxd4 Bxd4 35. Rdxd4 Rxf3+ 36. Kg2 Rd3 37. Rxd3 Rxd3 38. Rc7 Nh5 39. Rxb7 Rxg3+ 40. Kh2 Rd3
41. a4 Rd2+ 42. Kh1 Rd1+ 43. Kh2 Rd2+ 44. Kh1 Nf4 45. a5 Nxh3 46. a6 g4 47. Nd6 g3 48. Rb8+ Ke7 49. Nf5+ Kd7 50. Nxg3 Ra2
51. Rb7+ Kc6 52. Rxf7 Rxa6 53. Rxh7 Nf4 54. Rh6+ Kb5 55. Rxa6=
1/2-1/2

[Event "December 1800+"]
[Site "SchemingMind.com"]
[Date "2016.01.08"]
[Round "-"]
[White "frankly"]
[Black "Kent"]
[Result "1-0"]
[WhiteCountry "ENG"]
[BlackCountry "USA"]
[WhiteElo "2449"]
[WhiteRD "55"]
[BlackElo "2252"]
[BlackRD "71"]
[GameID "393414"]

1. d4 Nf6 2. Nf3 c6 3. c4 d5 4. Nc3 e6 5. Bg5 Nbd7 6. e3 Qa5 7. Nd2 Bb4 8. Qc2 O-O 9. Be2 c5 10. O-O cxd4
11. Nb3 Qb6 12. Na4 Qc7 13. Nxd4 dxc4 14. Bxc4 Bd6 15. Rac1 Bxh2+ 16. Kh1 Bd6 17. Nb5 Qb8 18. Be2 Nd5 19. e4 Nf4 20. Rfd1 Be5
21. Be7 Re8 22. Ba3 Nxe2 23. Qxe2 b6 24. Qf3 Nc5 25. Nxc5 bxc5 26. Rxc5 h6 27. Qh5 a6 28. Nc3 Bxc3 29. Rxc3 Qb7 30. e5 Qe4
31. Rg3 Qf4 32. Bc5 Bb7 33. Be3 Qf5 34. Qxh6 Qh7 35. Qxh7+ Kxh7 36. Rd7 Be4 37. Rxf7 Bg6 38. Rd7 Rf8 39. Kh2 Rad8 40. Ra7 Ra8
41. Re7 Rae8 42. Rh3+ Kg8 43. Rd7 Rd8 44. Ra7 Ra8 45. Rxa8 Rxa8 46. Bd2 a5 47. Rg3 Kf7 48. Rf3+ Kg8 49. Kg3 a4 50. Rc3 Be4
51. f3 Bd5 52. a3 Kf7 53. Rc7+ Kg6 54. Bb4 Kh6 55. Kg4 Kg6 56. Rd7 Kh6 57. Bd2+ Kg6 58. Bc3 Bb3 59. Rd4 Kh6 60. Bd2+ Kg6
61. Kg3 Kf7 62. Rd7+ Kg6 63. Bb4 Rg8 64. Rc7 Ra8 65. Kf4 Rd8 66. Bc5 Ra8 67. Bd6 Re8 68. g4 Kh6 69. Rf7 Kg6 70. Ra7 Kh6
71. Kg3 g5 72. Rf7 Kg6 73. Rf6+ Kg7 74. f4 gxf4+ 75. Kxf4 Rh8 76. Kg5 Rh2 77. Bf8+ Kg8 78. Bh6 Re2 79. Rf8+ Kh7 80. Rf7+ Kg8
81. Rg7+ Kf8 82. Rb7+ Ke8 83. Kf6 Rf2+ 84. Kg7 Rxb2 85. Bg5 Rg2 86. Rb4 Kd7 87. Kf7 Kc6 88. Bf6 Kd5 89. g5 Bc2 90. Rb8 Bf5
91. Rb5+ Kc6 92. Rb4 Bc2 93. Kxe6
1-0

[Event "December 1800+"]
[Site "SchemingMind.com"]
[Date "2016.01.09"]
[Round "-"]
[White "Kent"]
[Black "DHall"]
[Result "1-0"]
[WhiteCountry "USA"]
[BlackCountry "ENG"]
[WhiteElo "2289"]
[WhiteRD "67"]
[BlackElo "2241"]
[BlackRD "65"]
[GameID "393415"]

1. d4 Nf6 2. Bg5 Ne4 3. Bf4 c5 4. f3 Qa5+ 5. c3 Nf6 6. d5 Qb6 7. b3 e6 8. e4 exd5 9. exd5 Bd6 10. Bg5 Be7
11. c4 O-O 12. Ne2 d6 13. Nbc3 Re8 14. Qd2 Nbd7 15. Be3 Ne5 16. Ng3 a6 17. Be2 Bd7 18. O-O Qc7 19. Rfe1 Rab8 20. a4 Bd8
21. Qc2 Neg4 22. Bd2 Ne5 23. Nf5 Ng6 24. Bd3 Ne7 25. Nxe7+ Bxe7 26. Re2 Bf8 27. Ne4 Nxe4 28. fxe4 g6 29. Bc3 Bg7 30. Rf1 Rf8
31. Qb2 Bxc3 32. Qxc3 Rbe8 33. Ref2 b6 34. Qf6 Re5 35. Rf4 Bc8 36. R1f3 Qe7 37. h3 Qc7 38. Kh2 a5 39. g3 Qe7 40. Qxe7 Rxe7
41. Rf6 Rd8 42. g4 Kg7 43. g5 Red7 44. h4 Re7 45. R3f4 Kg8 46. Kg3 Kg7 47. h5 Rdd7 48. Kh4 Kg8 49. h6 Rd8 50. Be2 Kf8
51. e5 Bf5 52. e6 Kg8 53. Rxf7 Rde8 54. Bg4 Bc2 55. Rf3 Be4 56. R3f6 Bc2 57. Rxe7 Rxe7 58. Rf2 Bxb3 59. Rb2 Bxc4 60. Rxb6 Kf8
61. Rxd6 Rc7 62. Rd8+ Ke7 63. d6+ Kxd8 64. dxc7+ Kxc7 65. Bf5
1-0

[Event "December 1800+"]
[Site "SchemingMind.com"]
[Date "2016.01.09"]
[Round "-"]
[White "DHall"]
[Black "Kent"]
[Result "1-0"]
[WhiteCountry "ENG"]
[BlackCountry "USA"]
[WhiteElo "2241"]
[WhiteRD "65"]
[BlackElo "2289"]
[BlackRD "67"]
[GameID "393416"]

1. e4 d5 2. exd5 Qxd5 3. Nc3 Qa5 4. d4 c6 5. Nf3 Nf6 6. Bc4 Bf5 7. Bd2 e6 8. Nd5 Qd8 9. Nxf6+ gxf6 10. O-O Nd7
11. Re1 Nb6 12. Bb3 Nd5 13. c4 Ne7 14. Bc3 Bg7 15. d5 O-O 16. Nh4 cxd5 17. cxd5 Ng6 18. Nxf5 exf5 19. Bc2 Qd7 20. Qf3 f4
21. Rad1 f5 22. d6 Bxc3 23. bxc3 Rfe8 24. Qd5 Rxe1+ 25. Rxe1 Rd8 26. h4 Qc6 27. Qxf5 Rxd6 28. h5 Rd5 29. Qh3 Re5 30. Rd1 Nf8
31. Qg4+ Kh8 32. Qxf4 Qe6 33. Bb3 Qf5 34. Qxf5 Rxf5 35. g4 Rf6 36. Kg2 Kg7 37. Kg3 Rc6 38. Rd3 h6 39. Re3 Ne6 40. Bd5 Ra6
41. f4 Kf6 42. Re5 Ng7 43. Kf3 Ne6 44. Rf5+ Kg7 45. g5 Nd8 46. Bb3 Rd6 47. Rd5 Rxd5 48. Bxd5 hxg5 49. fxg5
1-0

[Event "December 1800+"]
[Site "SchemingMind.com"]
[Date "2016.01.08"]
[Round "-"]
[White "Kent"]
[Black "flyinduck"]
[Result "1-0"]
[WhiteCountry "USA"]
[BlackCountry "CAN"]
[WhiteElo "2252"]
[WhiteRD "71"]
[BlackElo "2064"]
[BlackRD "54"]
[GameID "393417"]

1. d4 Nf6 2. Bg5 Ne4 3. Bf4 d5 4. f3 Nf6 5. e4 c5 6. Nc3 cxd4 7. Qxd4 Nc6 8. Bb5 Bd7 9. Bxc6 Bxc6 10. exd5 Nxd5
11. Nxd5 Qxd5 12. Qxd5 Bxd5 13. O-O-O e6 14. Kb1 Be7 15. Ne2 O-O 16. b3 Rfc8 17. Nd4 f6 18. Be3 Bc5 19. c4 Bxd4 20. Rxd4 Bc6
21. Rhd1 Kf7 22. Rd6 e5 23. a4 a6 24. Kb2 Re8 25. Kc3 Re6 26. R6d2 f5 27. Ra1 f4 28. Bc5 e4 29. fxe4 Rxe4 30. Rf1 g5
31. g3 Kg6 32. Rd6+ Kh5 33. a5 Rae8 34. gxf4 Rxf4 35. Rxf4 gxf4 36. b4 Re2 37. b5 axb5 38. a6 bxc4 39. a7 Ra2 40. Kxc4 f3
41. Bb6 Kg4 42. Rf6 h5 43. Rf8
1-0

[Event "December 1800+"]
[Site "SchemingMind.com"]
[Date "2016.01.08"]
[Round "-"]
[White "flyinduck"]
[Black "Kent"]
[Result "1/2-1/2"]
[WhiteCountry "CAN"]
[BlackCountry "USA"]
[WhiteElo "2050"]
[WhiteRD "53"]
[BlackElo "2235"]
[BlackRD "73"]
[GameID "393418"]

1. d4 Nf6 2. c4 c6 3. Nc3 d5 4. Nf3 e6 5. e3 Nbd7 6. Qc2 Bd6 7. Be2 O-O 8. O-O dxc4 9. Bxc4 b5 10. Bd3 Bb7
11. e4 e5 12. Bg5 exd4 13. Nxd4 Bxh2+ 14. Kxh2 Ng4+ 15. Kg3 Qxg5 16. f4 Qd8 17. e5 Ne3 18. Bxh7+ Kh8 19. Rh1 Nxc2 20. Bg6+ Kg8
21. Bh7+ Kh8=
1/2-1/2

[Event "December 1800+"]
[Site "SchemingMind.com"]
[Date "2016.01.11"]
[Round "-"]
[White "Kent"]
[Black "David Perna-Fraser"]
[Result "0-1"]
[WhiteCountry "USA"]
[BlackCountry "CAN"]
[WhiteElo "2235"]
[WhiteRD "73"]
[BlackElo "2344"]
[BlackRD "61"]
[GameID "393566"]

1. d4 Nf6 2. Bg5 c5 3. Bxf6 gxf6 4. d5 Qb6 5. Qc1 Bg7 6. c4 d6 7. Nc3 f5 8. e3 Nd7 9. Qc2 Ne5 10. Nh3 Bd7
11. Be2 O-O-O 12. O-O Kb8 13. Rab1 h5 14. Nf4 h4 15. b4 Bh6 16. a3 Rhg8 17. h3 Bxf4 18. exf4 Ng6 19. Qd2 e5 20. fxe5 Nxe5
21. Kh1 Rde8 22. Qf4 Ng6 23. Qc1 f4 24. Re1 Bf5 25. Rb2 cxb4 26. axb4 Qxf2 27. Rf1 Qg3 28. Rf3 Qg5 29. Nb5 Re3 30. Qf1 Bd7
31. Nc3 Ne7 32. Rxe3 fxe3 33. Bd3 Qe5 34. Rc2 Bf5
0-1

[Event "December 1800+"]
[Site "SchemingMind.com"]
[Date "2016.01.11"]
[Round "-"]
[White "David Perna-Fraser"]
[Black "Kent"]
[Result "1-0"]
[WhiteCountry "CAN"]
[BlackCountry "USA"]
[WhiteElo "2344"]
[WhiteRD "61"]
[BlackElo "2235"]
[BlackRD "73"]
[GameID "393567"]

1. e4 d5 2. exd5 Qxd5 3. Nc3 Qa5 4. d4 Nf6 5. Nf3 Bf5 6. Ne5 c6 7. Bc4 e6 8. g4 Bg6 9. h4 Be4 10. Rh3 Bd5
11. Bd2 Bxc4 12. Nxc4 Qc7 13. g5 Nd5 14. Qg4 Nd7 15. O-O-O N7b6 16. Nxd5 cxd5 17. Ne5 Bd6 18. Rc3 Qe7 19. Rf3 Bxe5 20. dxe5 Nc4
21. Bc3 a5 22. h5 g6 23. Rf6 Rf8 24. Rh1 b5 25. hxg6 hxg6 26. Bd4 Rc8 27. Rh7 Rc6 28. Qd1 Qb4 29. a3 Nxa3 30. c3
1-0

[Event "December 1800+"]
[Site "SchemingMind.com"]
[Date "2016.01.10"]
[Round "-"]
[White "Stephen Woodhouse"]
[Black "David Perna-Fraser"]
[Result "0-1"]
[WhiteCountry "ENG"]
[BlackCountry "CAN"]
[WhiteElo "1814"]
[WhiteRD "48"]
[BlackElo "2344"]
[BlackRD "61"]
[GameID "393568"]

1. e4 e5 2. Nf3 Nf6 3. d4 Nxe4 4. Bd3 d5 5. Nxe5 Nd7 6. Nxd7 Bxd7 7. O-O Bd6 8. c4 O-O 9. cxd5 f5 10. Nd2 Nxd2
11. Bxd2 Qf6 12. Qf3 Qxd4 13. Bc3 Qg4 14. Qxg4 fxg4 15. Rae1 Bf5 16. Bxf5 Rxf5 17. Rd1 Rd8 18. Rd3 Bc5 19. a4 Rfxd5 20. Rxd5 Rxd5
21. Re1 Rf5 22. Kf1 Rxf2+
0-1

[Event "December 1800+"]
[Site "SchemingMind.com"]
[Date "2016.01.10"]
[Round "-"]
[White "David Perna-Fraser"]
[Black "Stephen Woodhouse"]
[Result "1-0"]
[WhiteCountry "CAN"]
[BlackCountry "ENG"]
[WhiteElo "2344"]
[WhiteRD "61"]
[BlackElo "1814"]
[BlackRD "48"]
[GameID "393569"]

1. e4 e6 2. d4 d5 3. exd5 exd5 4. Nf3 Bd6 5. Bd3 Ne7 6. O-O O-O 7. Re1 Bf5 8. Bxf5 Nxf5 9. Qd3 g6 10. Nc3 c6
11. Bg5 Qc7 12. Nd1 Nd7 13. Ne3 Nxe3 14. Qxe3 Qc8 15. Bf4 Qc7 16. Bxd6 Qxd6 17. h4 Nf6 18. Qe7 Qxe7 19. Rxe7 Rab8 20. Rae1 Rfe8
21. R1e5 Rxe7 22. Rxe7 Kf8 23. Rc7 Ne8 24. Rd7 Nf6 25. Ne5 Re8 26. Rxf7+
1-0

[Event "December 1800+"]
[Site "SchemingMind.com"]
[Date "2016.01.10"]
[Round "-"]
[White "frankly"]
[Black "David Perna-Fraser"]
[Result "1/2-1/2"]
[WhiteCountry "ENG"]
[BlackCountry "CAN"]
[WhiteElo "2443"]
[WhiteRD "54"]
[BlackElo "2344"]
[BlackRD "61"]
[GameID "393570"]

1. d4 Nf6 2. Nf3 e6 3. c4 Bb4+ 4. Bd2 Bxd2+ 5. Qxd2 b6 6. g3 Ba6 7. b3 O-O 8. Bg2 c6 9. O-O d5 10. Rc1 Nbd7
11. a4 Rc8 12. a5 b5 13. c5 Ne4 14. Qd3 f5 15. b4 Qf6 16. e3 g5 17. Nc3 g4 18. Nh4 e5 19. f3 Nxc3 20. Qxc3 e4
21. f4 h5 22. Bf1 Rf7 23. Be2 Nf8 24. Rf1 Ng6=
1/2-1/2

[Event "December 1800+"]
[Site "SchemingMind.com"]
[Date "2016.01.10"]
[Round "-"]
[White "David Perna-Fraser"]
[Black "frankly"]
[Result "1/2-1/2"]
[WhiteCountry "CAN"]
[BlackCountry "ENG"]
[WhiteElo "2344"]
[WhiteRD "61"]
[BlackElo "2443"]
[BlackRD "54"]
[GameID "393571"]

1. e4 c5 2. Nf3 Nc6 3. d4 cxd4 4. Nxd4 Nf6 5. Nc3 e5 6. Ndb5 d6 7. Bg5 a6 8. Na3 b5 9. Nd5 Be7 10. Bxf6 Bxf6
11. c4 b4 12. Nc2 a5 13. Be2 O-O 14. O-O Bg5 15. Qd3 Be6 16. Rad1 Bxd5 17. Qxd5 Qb6 18. Rd3 Rfb8 19. Qb5 Qxb5 20. cxb5 Rxb5
21. Rxd6 Rc5 22. Bd3 Kf8 23. g3 Rd8 24. Rxd8+ Nxd8 25. f3 Ne6 26. Kf2 Ke7 27. Ne3 Bxe3+ 28. Kxe3 f6 29. Rd1 a4 30. h4 Nd4
31. f4 Rc8 32. fxe5 fxe5 33. Rf1 h6 34. Rd1 Rc5 35. Rf1 Rc7 36. Rd1 Rc6 37. Rf1= Rg6 38. Rg1 Rf6=
1/2-1/2

[Event "December 1800+"]
[Site "SchemingMind.com"]
[Date "2016.01.10"]
[Round "-"]
[White "DHall"]
[Black "David Perna-Fraser"]
[Result "0-1"]
[WhiteCountry "ENG"]
[BlackCountry "CAN"]
[WhiteElo "2186"]
[WhiteRD "69"]
[BlackElo "2344"]
[BlackRD "63"]
[GameID "393572"]

1. e4 e5 2. f4 exf4 3. Nf3 d5 4. exd5 Nf6 5. Bb5+ c6 6. dxc6 Nxc6 7. d4 Bd6 8. O-O O-O 9. Nc3 Bg4 10. Ne2 Qc7
11. Bd3 Rad8 12. c3 Rfe8 13. Qc2 Re7 14. Bd2 Bxf3 15. gxf3 Rxe2 16. Bxe2 Nxd4 17. Qd1 Nf5 18. Qe1 Nh5 19. Kh1 Nhg3+ 20. hxg3 Nxg3+
21. Kg2 Re8 22. Bd3 Rxe1 23. Rfxe1 Qc6 24. Rad1 g5 25. Be4 Nxe4 26. Rxe4 g4 27. Bxf4 f5 28. Rxd6 gxf3+ 29. Kxf3 Qxe4+ 30. Kg3 Qe1+
31. Kf3 h5 32. Rd8+ Kf7 33. Rd7+ Ke8 34. Rd4 h4 35. Bb8 h3 36. a4 Qf1+ 37. Ke3 h2 38. Bxh2 Qh3+ 39. Kf4 Qxh2+ 40. Kxf5 Qxb2
41. Ke6 Qxc3 42. Ke5 Ke7 43. Kd5 Qc6+ 44. Ke5 Qe6+ 45. Kf4 Kf6 46. Re4 Qd6+ 47. Kg4 b5 48. axb5 Qd7+ 49. Kf3 Qxb5
0-1